Caractéristiques des minéraux - Statistiques

Statistiques générales
  • Ce quiz a été pris 8 fois
  • Le résultat moyen est 3 sur 15
Statistiques - réponses
Hint Réponse % Correct
Fortement magnétique Magnétite
88%
Couleur grise, trait brun/rouge et éclat métallique Hématite
38%
Couleur jaune/or, trait noir, forme cubique et éclat métallique Pyrite
38%
Aspect fibreux, couleur blanc ou vert, éclat soyeux et éclat non métallique Serpentine Fibreuse
38%
Couleur noir, clivage à 1 plan, forme de feuillet et éclat non métallique Biotite
25%
Réaction forte au HCL, éclat vitreux/mat et clivage à 3 plans Calcite
25%
Sans couleur, sous forme de feuillet, clivage à 1 plan et éclat non métallique Muscovite
25%
Goût salé, clivage 3 plans, éclat vitreux, sous forme de feuillet et éclat non métallique Halite
13%
Couleur brun- doré, clivage à 1 plan, éclat vitreux et éclat non métallique Phlogopite
13%
Éclat cireux, couleur vert et éclat non métallique Antigorite
0%
Éclat vitreux/résineux, réaction au HCL, cristaux prismatique, bonne dureté et éclat non métallique Apatite
0%
Couleur Jaune, trait noir/noir et éclat métallique Chalcoprite
0%
Très forte densité, sent le souffre lorsqu'il est en contact avec le HCL et un éclat métallique Galène
0%
Très dure, bien cristallisé, éclat vitreux et éclat non métallique Gypse
0%
Très dure, éclat gras et éclat non métallique Talc
0%
Aucun quiz correspondant
Distribution des résultats
% des personnes avec chaque résultat
Percentile par nombre de réponses
Votre historique - résultats
Vous n’avez pas pris ce quiz